000 00341nam a2200157Ia 4500
003 0STCL
008 150530s9999 xx 000 0 und d
040 _aSTCL
_cSTCL
100 _aBinod Kumar Sahu
245 _aPopulation education
260 _c2002
546 _aEnglish
942 _2ddc
_cBK
999 _c6429
_d6429
005 20220125165432.0